The power of the tale (Record no. 4562)

MARC details
000 -CABECERA
campo de control de longitud fija 01648cam a2200349 a 4500
001 - NÚMERO DE CONTROL
campo de control 991105957022706196
005 - FECHA Y HORA DE LA ÚLTIMA TRANSACCIÓN
campo de control 20250321174209.0
008 - DATOS DE LONGITUD FIJA--INFORMACIÓN GENERAL
campo de control de longitud fija 020327s2002 enka b 001 0 eng d
010 ## - NÚMERO DE CONTROL DE LA BIBLIOTECA DEL CONGRESO
Número de control de LC 2002277706
015 ## - NÚMERO DE BIBLIOGRAFÍA NACIONAL
Número de bibliografía nacional GBA1-U8307
020 ## - NÚMERO INTERNACIONAL ESTÁNDAR DEL LIBRO
Número Internacional Estándar del Libro 9780470842270
035 ## - NÚMERO DE CONTROL DEL SISTEMA
Número de control de sistema (UTL)5223380-01utoronto_inst
035 ## - NÚMERO DE CONTROL DEL SISTEMA
Número de control de sistema (SIRSI)5223380
035 ## - NÚMERO DE CONTROL DEL SISTEMA
Número de control de sistema (OCoLC)59381557
040 ## - FUENTE DE LA CATALOGACIÓN
Centro catalogador/agencia de origen UKM
Centro/agencia transcriptor UKM
Centro/agencia modificador DLC
041 ## - CÓDIGO DE LENGUA
Código de lengua del texto/banda sonora o título independiente eng
042 ## - CÓDIGO DE AUTENTICACIÓN
Código de autenticación lccopycat
050 00 - SIGNATURA TOPOGRÁFICA DE LA BIBLIOTECA DEL CONGRESO
Número de clasificación HD30.3
Número de documento/Ítem .A395 2002
100 ## - ENTRADA PRINCIPAL--NOMBRE DE PERSONA
Nombre de persona Allan, Julie
Forma completa/desarrollada del nombre (Julie Stephanie)
9 (RLIN) 24982
Término indicativo de función/relación author
245 14 - MENCIÓN DE TÍTULO
Título The power of the tale
Resto del título : using narratives for organisational success
Mención de responsabilidad, etc. / Julie Allan and Gerard Fairtlough and Barbara Heinzen.
260 ## - PUBLICACIÓN, DISTRIBUCIÓN, ETC.
Lugar de publicación, distribución, etc. Chichester ;
-- New York, NY :
Nombre del editor, distribuidor, etc. Wiley,
Fecha de publicación, distribución, etc. 2002.
300 ## - DESCRIPCIÓN FÍSICA
Extensión xiii, 306 pages :
Otras características físicas illustrations ;
Dimensiones 24 cm.
504 ## - NOTA DE BIBLIOGRAFÍA, ETC.
Nota de bibliografía, etc. Includes bibliographical references and indexes.
520 ## - SUMARIO, ETC.
Sumario, etc. Story-telling is one of the best ways for individuals, groups, organizations and societies to learn. Skill in story-telling and in other narrative activities allows us to understand complexity, live with uncertainty, communicate well and increase personal and organizational effectiveness. As organizations move away from old-fashioned command and control, they will increasingly need the bonds of shared stories, which create shared language, shared visions and shared values.
650 #0 - PUNTO DE ACCESO ADICIONAL DE MATERIA--TÉRMINO DE MATERIA
Término de materia o nombre geográfico como elemento de entrada Communication in management
9 (RLIN) 2095
650 #0 - PUNTO DE ACCESO ADICIONAL DE MATERIA--TÉRMINO DE MATERIA
Término de materia o nombre geográfico como elemento de entrada Communication in organizations
9 (RLIN) 428
650 #0 - PUNTO DE ACCESO ADICIONAL DE MATERIA--TÉRMINO DE MATERIA
Término de materia o nombre geográfico como elemento de entrada Corporate culture
9 (RLIN) 5314
650 #0 - PUNTO DE ACCESO ADICIONAL DE MATERIA--TÉRMINO DE MATERIA
Término de materia o nombre geográfico como elemento de entrada Storytelling
9 (RLIN) 8216
700 ## - ENTRADA AGREGADA--NOMBRE PERSONAL
Nombre de persona Fairtlough, Gerard
9 (RLIN) 24983
Término indicativo de función/relación author
700 ## - ENTRADA AGREGADA--NOMBRE PERSONAL
Nombre de persona Heinzen, Barbara
9 (RLIN) 24984
Término indicativo de función/relación author
942 ## - ELEMENTOS DE ENTRADA AGREGADA (KOHA)
Fuente del sistema de clasificación o colocación Clasificación de Library of Congress
Holdings
Estado de retiro Estado de pérdida Fuente del sistema de clasificación o colocación Estado dañado No para préstamo Biblioteca de origen Biblioteca actual Fecha de adquisición Total de préstamos Signatura topográfica completa Código de barras Fecha visto por última vez Número de copia Precio válido a partir de Tipo de ítem Koha
    Clasificación de Library of Congress     TBS Barcelona TBS Barcelona 21/03/2025   HD30.3 ALL B02854 21/03/2025 1 21/03/2025 Book

Powered by Koha